=LDR 00000nam 2200000 4500 =001 INLIS000000000018246 =005 20130612113428 =008 ***********************************Ind** =035 ##$$0010-061300000018246 =041 ##$$a Ind =082 ##$$a 635.934 3 =090 ##$$a 635.934 3, Lem p =245 ##$$a Palem Indonesia, Lembaga Biologi Nasional-LIPI =260 ##$$a 1978 $b Bogor =300 ##$$a 113 hlm, ilus, 21 cm =650 ##$$a Palem =850 ##$$a NBPNMAT